000 01144naa a22003257a 4500
001 BR9400724
003 BR-BrBNA
005 20240918180943.0
007 ta
008 230509b bl.||||| |||| 00| 0 por d
040 _aBR-BrBNA
_bpor
_cBiblioteca Nacional de Agricultura
041 _a(Pt)
072 _aF61
_b0716
090 _aF61 BR9400724
100 1 _aMagnani, M.
100 1 _aFreire, C.J.S.
100 1 _aMoraes, E.C.
100 1 _aCruz, A.D.
111 1 _a5. Congresso Brasileiro de Fruticultura
_cPelotas, RS (Brazil)
_d7-14 Jan. 1979
245 1 _aAplicacao da analise faliar como metodo de diagnose e recomendacao em pomar de pessegueiro
260 3 _aPelotas, RS (Brasil):
_c1979.
500 _aAnais do 5. Congresso Brasileiro de Fruticultura, v. 2 Pelotas, RS (Brasil): 1979. p.731-741 (BR9400724-AM)F61
650 _aPessego
650 _aAnalise Foliar
650 _aAnalise do Solo
650 _aRio Grande do Sul
773 0 _tAnais do 5. Congresso Brasileiro de Fruticultura, v. 2
_wF61 BR9400724
_gPelotas, RS (Brasil), 1979. p.731-741
909 _a202404
_bLucia
_c55
_dLucia Elande
942 _cAM
_2AGRIS
999 _c322848
_d322848